000
00281nam a22001337a 4500
008
170411b xxu||||| |||| 00| 0 eng d
020
_a
0314632492
041
_a
eng
080
_2
2ND
_a
612.39
100
_a
9
101
_a
SHM
245
_a
NUTRITION
_c
HAMILTON
942
_2
udc
_c
BK
999
_c
10391
_d
10391